Un estudio de la relevancia educativa en El Salvador.

Guardado en:
Bibliografiske detaljer
Hovedforfatter: Davis, Russell G. (autor)
Andre forfattere: Lewis, Gary M., coaut (autor) coaut, (autor)
Format: Ukendt
Sprog:spansk
Fag:
Online adgang:Ver documento en línea
Tags: Tilføj Tag
Ingen Tags, Vær først til at tagge denne postø!

MARC

LEADER 00000c**#a2200000ua#4500
001 000501208
003 DLC
005 20260512000000.0
008 070820c^^^^9999^^^^r1^^^^^^^^0^^^^0spa^d
009 20260512123325.094
022 |a 01851284 
035 |a FCE 000045384 
037 |a Acervo ITESO - Biblioteca 
041 |a spa 
095 |a RLEE  |b 81-1-43. 
100 |a Davis, Russell G.  |e (autor) 
245 1 0 |a Un estudio de la relevancia educativa en El Salvador. 
264 |a México :  |b Centro de Estudios Educativos,  |c 1981. 
336 |a texto  |b txt  |2 rdacontenido 
337 |a sin mediación  |b n  |2 rdamedio 
338 |a volumen  |b nc  |2 rdasoporte 
649 |a XX 
650 |a Estadísticas 
650 |a Nivel de educación 
650 |a Desarrollo económico 
650 |a Metodología 
650 |a Educación 
650 |a Análisis estadístico 
650 |a El Salvador 
740 |g vol. 11, no. 1, 1981, pp. 43-86.  |t Revista Latinoamericana de Estudios Educativos. Artículos, 
700 |a Lewis, Gary M.,  |e coaut  |e (autor) 
856 4 0 |u https://www.cee.edu.mx/rlee/revista/r1981_1990/r_texto/t_1981_1_03.pdf  |y Ver documento en línea 
910 |a Fondo Centro de Estudios Educativos 
920 |a Impresos - Libros 
930 |a Fondos Especiales 
905 |a 133 
902 |a https://opac.biblio.iteso.mx/vufind/Record/000501208